000 00518nam a2200181Ii 4500
003 JO-AjNU
008 230605s9999||||xx |||||||||||||| ||und||
040 _aJO-AjNU
_bara
_erda
_cJO-AjNU
041 _aara
050 1 4 _aU21.2.A9472 1988
100 3 _aتاليف قادر، عزيز ,
_eauthor
_98370
245 0 0 _aحرب الافكار
300 _a270ص
336 _atext
_btxt
_2rdacontent
337 _aunmediated
_bn
_2rdamedia
338 _avolume
_bnc
_2rdacarrier
650 4 _aالحرب النفسية
_98371
999 _aA753
_c4321
_d4321